La necesaria compatibilización entre el principio de división de poderes y la atribución de efectos derogatorios a las sentencias emanadas de los Tribunales Superiores de Justicia locales : (Registro nro. 6185)
[ vista simple ]
| 000 -LEADER | |
|---|---|
| fixed length control field | 01092nabaa22002177a 4500 |
| 003 - CONTROL NUMBER IDENTIFIER | |
| control field | OSt |
| 005 - DATE AND TIME OF LATEST TRANSACTION | |
| control field | 20260125003950.0 |
| 008 - FIXED-LENGTH DATA ELEMENTS--GENERAL INFORMATION | |
| fixed length control field | 190701b xxu||||| |||| 00| 0 spa d |
| 040 ## - CATALOGING SOURCE | |
| Transcribing agency | PJ |
| 100 ## - MAIN ENTRY--PERSONAL NAME | |
| 9 (RLIN) | 6926 |
| Personal name | Falcone, Luciana S. |
| 245 13 - TITLE STATEMENT | |
| Title | La necesaria compatibilización entre el principio de división de poderes y la atribución de efectos derogatorios a las sentencias emanadas de los Tribunales Superiores de Justicia locales : |
| Remainder of title | a la luz del sistema constitucional argentino / |
| Statement of responsibility, etc | Luciana S. Falcone. |
| 300 ## - PHYSICAL DESCRIPTION | |
| Extent | p. 122-164 |
| 500 ## - GENERAL NOTE | |
| General note | Cita: TR LALEY AR/DOC/1647/2024 |
| 505 ## - FORMATTED CONTENTS NOTE | |
| Formatted contents note | Sumario: I. Introducción.— II. Capítulo I.— III. Capítulo II.— IV. Capítulo III.— V. Capítulo IV. |
| 505 ## - FORMATTED CONTENTS NOTE | |
| Title | ¿Te interesa el texto completo? Comunicate al correo: koha@justierradelfuego.gov.ar |
| 650 #0 - SUBJECT ADDED ENTRY--TOPICAL TERM | |
| 9 (RLIN) | 211 |
| Topical term or geographic name as entry element | DERECHO ADMINISTRATIVO |
| 650 #0 - SUBJECT ADDED ENTRY--TOPICAL TERM | |
| Topical term or geographic name as entry element | DIVISION DE PODERES |
| 9 (RLIN) | 927 |
| 650 #0 - SUBJECT ADDED ENTRY--TOPICAL TERM | |
| Topical term or geographic name as entry element | CONTROL DE CONSTITUCIONALIDAD |
| 9 (RLIN) | 755 |
| 773 0# - HOST ITEM ENTRY | |
| Host Biblionumber | 2842 |
| Host Itemnumber | 3251 |
| Place, publisher, and date of publication | Buenos Aires : AbeledoPerrot, 2012- |
| Other item identifier | DA121 |
| Title | Derecho administrativo. Nº 154 julio/agosto 2024 |
| International Standard Book Number | 18510590 |
| 942 ## - ADDED ENTRY ELEMENTS (KOHA) | |
| Source of classification or shelving scheme | |
| Koha item type | Analítica Artículo de Revista |
No hay ítems disponibles.
